|
|
|
|
| LEADER |
01521nam a22004212a 4500 |
| 001 |
000818464 |
| 003 |
CZ BrMZK |
| 005 |
20250813094533.0 |
| 007 |
ta |
| 008 |
060601s1968 xr er|||||||||||cze d |
| 015 |
|
|
|a cnb000276705
|
| 020 |
|
|
|q (Váz.) :
|c Neprodejné
|
| 035 |
|
|
|a (OCoLC)45499537
|
| 040 |
|
|
|a ABA001
|b cze
|d BOA001
|
| 043 |
|
|
|a e-cs---
|
| 045 |
|
|
|a x6x6
|
| 072 |
|
7 |
|a 94(437)
|x Dějiny Česka a Slovenska
|2 Konspekt
|9 8
|
| 080 |
|
|
|a 930.2
|2 undef
|
| 080 |
|
|
|a 943.7
|2 undef
|
| 080 |
|
|
|a 328
|2 undef
|
| 080 |
|
|
|a 329
|2 undef
|
| 245 |
0 |
0 |
|a Sedm pražských dnů :
|b 21.-27. srpen 1968 : dokumentace /
|c Historický ústav ČSAV
|
| 246 |
3 |
|
|a 7 pražských dnů
|
| 260 |
|
|
|a Praha :
|b Historický ústav Československé akademie věd,
|c 1968
|
| 300 |
|
|
|a 494 s. :
|b il. ;
|c 21 x 30 cm
|
| 500 |
|
|
|a Zprac. dle xerokopie, rozměr předlohy 21 cm
|
| 500 |
|
|
|a Studijní materiál ; pouze pro vnitřní potřebu
|
| 651 |
|
7 |
|a Československo
|7 ge131689
|x dějiny
|y 1968
|2 czenas
|
| 651 |
|
7 |
|a Československo
|7 ge131689
|x politika a vláda
|y 1968
|2 czenas
|
| 655 |
|
7 |
|a dokumenty
|7 fd132064
|2 czenas
|
| 655 |
|
7 |
|a přehledy
|7 fd133202
|2 czenas
|
| 710 |
2 |
|
|a Historický ústav (Československá akademie věd)
|7 ko2004231843
|
| 910 |
|
|
|a BOA001
|b 2-0951.754
|b 2-0612.503
|b Skř.17-0951.755
|
| 920 |
|
|
|a 000710942
|
| 964 |
|
|
|a Československo - události 21.-27.8.1968
|
| 990 |
|
|
|a BK
|
| 995 |
|
|
|a 01
|
| 996 |
6 |
|
|b 2619341352
|c 2-0951.754
|l MZK
|r Sklad / do 1 hodiny
|n 1
|w 000818464
|u 000010
|a 1
|e BOA001
|j MZK50
|s P
|